000 00302nam a22001457a 4500
008 210527b ||||| |||| 00| 0 eng d
020 _a9780813108629
041 _aeng
080 _a2
082 _a2
100 _a24
101 _aFE
245 _aThe Great Revival
_cBoles,J.B
942 _2udc
_cBK
999 _c57731
_d57731